| LEADER 01174nam 2200277 a 4500 |
| 001 7949 |
| 003 ULIBM |
| 008 030417s2004 caua sb 001 0 eng |
| 020 ^a9789744432452 |
| 082 ^a 495.6824 ^b ม-ญ |
| 100 ^aมิซุทานิ, โอซามุ |
| 245 ^a Shimbun ญี่ปุ่นเชิงข่าว/^c โอซามุ มิซุทานิ |
| 250 ^a พิมพ์ครั้งที่ 1 |
| 260 ^aกรุงเทพฯ:^bภาษาและวัฒนธรรม,^c2550 |
| 300 ^a 164 หน้า : 250 บาท |
| 500 ^aภาษาญี่ปุ่น - - การใช้ภาษา |
| 700 ^aโนบุโกะ มิซุทานิ,^eผู้แต่งร่วม |
| 700 0 ^aตรีทิพย์ รัตนไพศาล,^eผู้แปล |
| 700 0 ^aสมจิตร์ สิริรัตนวิทย์,^eผู้แปลร่วม |
| 913 ^aImported by ULIBM Administrator |
| 949 ^aImport form external file by ULIBM system |